Catalog

Record Details

Catalog Search



Supply Chain Coordination Mechanisms New Approaches for Collaborative Planning  Cover Image E-book E-book

Supply Chain Coordination Mechanisms New Approaches for Collaborative Planning

Record details

  • ISBN: 9783642028335
  • Physical Description: electronic
    electronic resource
    access
    remote
    online resource.
  • Publisher: Berlin, Heidelberg : Springer Berlin Heidelberg, 2010.
Subject: Economics
Business logistics
Economics/Management Science
Production/Logistics

Electronic resources


LDR 01486nam a22003855i 4500
00137050
003CONS
00520131218125459.0
007cr nn 008mamaa
008100301s2010 gw | s |||| 0|eng d
020 . ‡a9783642028335 ‡9978-3-642-02833-5
0247 . ‡a10.1007/978-3-642-02833-5 ‡2doi
035 . ‡a(DE-He213)978-3-642-02833-5
050 4. ‡aHD28-70
072 7. ‡aKJMV5 ‡2bicssc
072 7. ‡aKJMV8 ‡2bicssc
072 7. ‡aBUS087000 ‡2bisacsh
1001 . ‡aAlbrecht, Martin. ‡eauthor.
24510. ‡aSupply Chain Coordination Mechanisms ‡h[electronic resource] : ‡bNew Approaches for Collaborative Planning / ‡cby Martin Albrecht.
264 1. ‡aBerlin, Heidelberg : ‡bSpringer Berlin Heidelberg, ‡c2010.
300 . ‡bonline resource.
336 . ‡atext ‡btxt ‡2rdacontent
337 . ‡acomputer ‡bc ‡2rdamedia
338 . ‡aonline resource ‡bcr ‡2rdacarrier
347 . ‡atext file ‡bPDF ‡2rda
4901 . ‡aLecture Notes in Economics and Mathematical Systems, ‡x0075-8442 ; ‡v628
650 0. ‡aEconomics.
650 0. ‡aBusiness logistics.
65014. ‡aEconomics/Management Science.
65024. ‡aProduction/Logistics.
7102 . ‡aSpringerLink (Online service)
7730 . ‡tSpringer eBooks
77608. ‡iPrinted edition: ‡z9783642028328
830 0. ‡aLecture Notes in Economics and Mathematical Systems, ‡x0075-8442 ; ‡v628
85640. ‡uhttp://biblioteca.ipicyt.edu.mx:2048/login?url=http://dx.doi.org/10.1007/978-3-642-02833-5 ‡yTexto completo ‡9CONS
950 . ‡aBusiness and Economics (Springer-11643)
901 . ‡a37050 ‡b ‡c37050 ‡tbiblio ‡sSystem Local

Additional Resources